[Event "TAN-ch op"]
[Site "Dar es Salaam"]
[Date "2019.11.01"]
[Round "1"]
[White "Khamis, Ame"]
[Black "Singe, Phillip Mbawala"]
[Result "0-1"]
[WhiteElo "1298"]
[BlackElo "1872"]
[PlyCount "104"]
[EventDate "2019.11.01"]
[EventType "swiss"]
[EventRounds "6"]
[EventCountry "TAN"]
[SourceTitle "EXT 2021"]
[Source "ChessBase"]
[SourceDate "2020.10.23"]
[SourceVersion "1"]
[SourceVersionDate "2020.10.23"]
[SourceQuality "1"]

1. d4 Nf6 2. c4 e6 3. a3 b6 4. Nc3 Ba6 5. e4 d5 6. cxd5 Bxf1 7. Kxf1 exd5 8. e5 Ne4 9. Nxe4 dxe4 10. Be3 Be7 11. Qc2 0-0 12. Qxe4 c6 13. b4 Qd7 14. Rc1 a5 15. b5 Bxa3 16. bxc6 Qe7 17. Rb1 Bb4 18. c7 Na6 19. d5 Qxc7 20. d6 Nc5 21. dxc7 Nxe4 22. Bxb6 Nd2+ 23. Ke2 Nxb1 24. Nf3 Nc3+ 25. Kd3 Nd5 26. Bd4 Nxc7 27. Rc1 Ne6 28. Be3 Rfd8+ 29. Ke2 Rac8 30. Rb1 Rc2+ 31. Kf1 h6 32. h3 Rd3 33. Kg1 Ra3 34. Nh4 Raa2 35. Rd1 Bd2 36. Bb6 a4 37. Kh2 Rc1 38. Rxc1 Bxc1 39. f3 Bf4+ 40. Kh1 Ra1+ 41. Bg1 Be3 42. Kh2 Bxg1+ 43. Kg3 Be3 44. Nf5 Bf4+ 45. Kf2 Ra2+ 46. Kf1 g6 47. Ne7+ Kf8 48. Nc6 Bg3 49. Nb4 Rf2+ 50. Kg1 Nf4 51. h4 Ne2+ 52. Kh1 Rf1# 0-1